| 000 | 01095nac a22003377a 4500 | ||
|---|---|---|---|
| 001 | BR8403703 | ||
| 003 | BR-BrBNA | ||
| 005 | 20240105120058.0 | ||
| 008 | 230509b bl.|||m| |||| 00| 0 por d | ||
| 040 |
_aBR-BrBNA _bpor _cBiblioteca Nacional de Agricultura |
||
| 072 | _aF25 | ||
| 090 | _a0120 BR8403703 | ||
| 100 | 1 | _aScherer, E.E. | |
| 100 | 1 | _aLanzer, E.A. | |
| 100 | 1 | _aEcheverria, L.C.R. | |
| 100 | 1 | _aBartz, H.R. | |
| 110 | 1 | _aEmpresa Catarinense de Pesquisa Agropecuaria S.A., Florianopolis, SC (Brasil) | |
| 245 | 1 | _aDinamica da correcao da acidez do solo e seus efeitos na producao de milho [Santa Catarina, Brasil] | |
| 260 | 3 |
_aFlorianopolis, SC (Brasil): _c1983. |
|
| 300 | _a23 p. | ||
| 490 |
_aBoletim Tecnico - Empresa Catarinense de Pesquisa Agropecuaria S.A. (Brazil) _vno. 27 _xISSN 0100-7416 |
||
| 500 | _a9 illus.; 16 ref. | ||
| 650 | _aCALAGEM | ||
| 650 | _aCALCARIO | ||
| 650 | _aACIDEZ DO SOLO | ||
| 650 | _aCORRETIVO | ||
| 650 | _aMILHO | ||
| 650 | _aSANTA CATARINA | ||
| 909 |
_a202312 _bLúcia Elande _c55 _dLúcia Elande |
||
| 942 |
_2AGRIS _n0 _cMS |
||
| 999 |
_c277859 _d277859 |
||